Statistics for Marvel Films/Shows 2002 - 2023 (Marvel Studios)(Updated)

Click here to take the quiz!

General Stats

  • This quiz has been taken 2,532 times
    (191 since last reset)
  • The average score is 33 of 70

Answer Stats

Answer% Correct
Ironman
90%
Ironman 2
90%
Ironman 3
90%
Thor
88%
Thor: Ragnarock
88%
Thor: The Dark World
88%
Captain America: The First Avenger
86%
Avengers Assemble
85%
The Incredible Hulk
82%
Spiderman 1
81%
Spiderman 2
81%
Spiderman 3
81%
Spiderman: Far From Home
81%
Spiderman: Homecoming
81%
Avengers: End Game
79%
Avengers: Infinity War
78%
Ant-man
75%
Captain America: Civil War
73%
Captain America: The Winter Soldier
73%
Avengers: Age of ultron
71%
Black Panther
68%
Captain Marvel
68%
Doctor Strange
66%
Ant-Man and The Wasp
64%
Guardians of the Galaxy
64%
Loki
62%
WandaVision
59%
Eternals
55%
Hawkeye
51%
Shang Chi
51%
The Falcon and the Winter Soldier
45%
Daredevil
44%
Deadpool
44%
Moon Knight
42%
Guardians of the Galaxy 2
41%
Ms Marvel
38%
Guardians of the Galaxy 3
37%
The Wolverine
37%
What IF
36%
Deadpool 2
35%
Black Panther Wakanda Forever
34%
Thor Love and Thunder
33%
Spiderman: No Way Home
32%
Fantastic Four
31%
Fantastic Four: Rise Of The Silver Surfer
31%
Iron Fist
30%
The Punisher
30%
Logan
29%
Ant-man and the Wasp Quantumania
28%
Luke Cage
28%
Jessica Jones
26%
Blade: Trinity
25%
Secret Invasion
24%
Agent Carter
23%
Echo
21%
Defenders
18%
Deadpool 3
16%
Elektra
16%
Ghost Rider
16%
X Men: First Class
16%
X Men Apocalypse
14%
X-Men 2
13%
Werewolf by Night
12%
X Men Origins: Wolverine
12%
X Men: The Last Stand
11%
Blade 2
8%
She Hulk Attorney at Law
8%
Item 47
7%
Guardians of the Galaxy Holiday Special
6%
Doctor Stange and the Multiverse of Madness
1%

Score Distribution

Percentile by Number Answered

Percent of People with Each Score

Your Score History

You have not taken this quiz since the last reset